000 00569nam a2200217 a 4500
999 _c4614
_d4614
001 4614
003 BD-JhCC
005 20171129200849.0
008 171129s1973 ii |||| || | 001 0 eng d
035 _a(BD-JhCC)4614
040 _aBD-JhCC
_dBD-JhCC
041 _aeng
082 _a954.2
_bSHA 1973
100 _aShah, Abdu-L-Qadir Ibn-I-Muluk
245 _aMuntakhabu-T-Tawarikh /
_cAbdu-L-Qadir Ibn-I-Muluk Shah
260 _aPatna :
_bAcademica Asiatica,
_c1973.
300 _a637 p. :
_c22 cm.
650 _aMuslims
_zIndia
942 _2ddc
_cBK